Top 50 -- Largest City in Each Country Beginning With 'B' - Statistics

General Stats
  • This quiz has been taken 325 times
  • The average score is 33 of 50
Answer Stats
# Population Country Answer % Correct
2 20,500,000 Thailand Bangkok
99%
1 20,900,000 China Beijing
99%
5 10,200,000 Colombia Bogota
98%
3 16,900,000 Argentina Buenos Aires
98%
7 7,500,000 Iraq Baghdad
97%
11 4,775,000 Germany Berlin
97%
10 4,950,000 Spain Barcelona
96%
16 2,750,000 Belgium Brussels
96%
18 2,650,000 Hungary Budapest
96%
17 2,675,000 Azerbaijan Baku
95%
22 1,860,000 Lebanon Beirut
95%
6 7,850,000 United States Boston
95%
14 3,275,000 Australia Brisbane
95%
19 2,200,000 Romania Bucharest
95%
15 3,225,000 United Kingdom Birmingham
94%
25 1,440,000 Serbia Belgrade
92%
4 13,700,000 India Bangalore
90%
12 4,000,000 South Korea Busan
89%
13 3,975,000 Mali Bamako
87%
9 5,150,000 Brazil Belo Horizonte
86%
44 476,922 Slovakia Bratislava
85%
19 2,200,000 Republic of Congo Brazzaville
85%
29 1,130,000 France Bordeaux
83%
49 387,909 Guinea Bissau Bissau
81%
48 387,971 Italy Bologna
81%
28 1,160,000 Kyrgyzstan Bishkek
80%
30 1,090,000 Gambia Banjul
79%
8 6,900,000 Indonesia Bandung
78%
42 559,335 Switzerland Basel
77%
47 398,510 Czech Republic Brno
77%
24 1,560,000 Central African Republic Bangui
76%
45 464,591 South Africa Bloemfontein
71%
21 2,175,000 Turkey Bursa
68%
39 618,325 Libya Benghazi
64%
23 1,790,000 Nigeria Benin City
58%
33 871,800 Malawi Blantyre
40%
27 1,330,000 Venezuela Barquisimeto
39%
26 1,350,000 Angola Benguela
37%
36 665,940 Zimbabwe Bulawayo
33%
31 1,050,000 Burkina Faso Bobo-Dioulasso
31%
38 630,877 Russia Barnaul
26%
40 592.090 Mozambique Beira
24%
32 1,030,000 D.R. Congo Bukavu
22%
35 740,000 Cote d'Ivoire Bouaké
17%
43 526,648 Iran Bandar Abbas
14%
37 659,455 Philippines Bacolod
12%
50 374,000 Somalia Berbera
10%
34 762,774 Pakistan Bahāwalpur
9%
41 571,169 Saudi Arabia Buraydah
4%
46 412,537 Bangladesh Bogra
2%
No matching quizzes found
Score Distribution
Percent of People with Each Score
Percentile by Number Answered
Your Score History
You have not taken this quiz